[Event "AUTO-INT-1522"]
[Site "http://www.queenalice.com/game.php?id=686211"]
[Date "2009.11.20"]
[Round "1"]
[White "Givanildo"]
[Black "Joyce05"]
[Result "0-1"]
[WhiteElo "1471"]
[BlackElo "1589"]

1. e4 Nc6 2. c3 e5 3. Bc4 Qf6 4. d3 Bc5 5. Nf3 h6 6. h4 d6 7. g4 Bxg4 8. Nbd2
Nge7 9. b4 Bb6 10. Qa4 Bxf3 11. Rh3 Bg4 12. Rh2 a5 13. b5 Qf4 14. bxc6 Nxc6 15.
Bd5 Bd7 16. Bxc6 Bxc6 17. Qb3 Qxh2 18. Ba3 Qxf2+ 19. Kd1 Qg1+ 20. Kc2 Qxa1 21.
Nb1 a4 22. Qb4 Qxa2+ 23. Qb2 Qxb2+ 24. Bxb2 g5 25. h5 g4 26. Nd2 g3 27. Nf3 g2
28. c4 a3 29. Bxe5 dxe5 30. Nxe5 g1=Q 31. Kc3 Bd4+ 32. Kb4 Bxe5 33. Kb3 Qb1# 0-1

[Event "AUTO-INT-1522"]
[Site "http://www.queenalice.com/game.php?id=686212"]
[Date "2009.11.20"]
[Round "1"]
[White "Joyce05"]
[Black "Givanildo"]
[Result "1-0"]
[WhiteElo "1600"]
[BlackElo "1357"]

1. c4 e6 2. Nf3 Bc5 3. e3 d5 4. Bd3 c6 5. Nc3 a6 6. O-O f6 7. Na4 Bb4 8. Nd4 e5
9. Nc2 dxc4 10. Nxb4 cxd3 11. b3 Ne7 12. e4 b5 13. Nc5 Qd4 14. Ncxd3 Qxa1 15.
Qc2 Qd4 16. Kh1 Bh3 17. gxh3 Qxe4+ 18. Kg1 a5 19. Nc5 Qxb4 20. Ne6 Qd6 21. Nxg7+
Kf7 22. Nh5 Rg8+ 23. Ng3 a4 24. Qxh7+ Rg7 25. Qh5+ Ng6 26. Nf5 Qf8 27. d4 Ke6
28. Ng3 Nf4 29. Qf5+ Ke7 30. Ba3+ c5 31. Bxc5+ Kf7 32. Bxf8 Kxf8 33. Qc8+ Kf7
34. dxe5 Ne2+ 35. Kg2 Nf4+ 36. Kh1 Ne6 37. Qb7+ Kg6 38. Qe4+ Kf7 39. exf6 Nd7
40. Qxa8 Nf4 41. Qb7 Kxf6 42. Qc6+ Ne6 43. Qc3+ Ke7 44. Nf5+ Kf7 45. Nxg7 Nxg7
46. Qc7 Ke7 47. Re1+ Ne6 48. Qb7 axb3 49. axb3 Kd6 50. Qxb5 Nec5 51. Rd1+ Ke7
52. Qe2+ Kf6 53. Rd6+ Kf7 54. Qf3+ Ke7 55. Rh6 Kd8 56. b4 Ne5 57. Qa8+ Ke7 58.
bxc5 1-0

[Event "AUTO-INT-1522"]
[Site "http://www.queenalice.com/game.php?id=686221"]
[Date "2009.11.20"]
[Round "1"]
[White "PlinioRegis"]
[Black "Joyce05"]
[Result "1-0"]
[WhiteElo "1569"]
[BlackElo "1606"]

1. e4 b6 2. Nf3 Bb7 3. Nc3 c5 4. Bc4 e6 5. d4 d6 6. O-O Nc6 7. Bg5 Nf6 8. d5 Ne5
9. Bb5+ Ke7 10. Qd2 a6 11. Nxe5 dxe5 12. Rad1 h6 13. d6+ 1-0

[Event "AUTO-INT-1522"]
[Site "http://www.queenalice.com/game.php?id=686222"]
[Date "2009.11.20"]
[Round "1"]
[White "Joyce05"]
[Black "PlinioRegis"]
[Result "0-1"]
[WhiteElo "1606"]
[BlackElo "1576"]

1. d4 Nf6 2. Bg5 e6 3. Nf3 d5 4. Nc3 Be7 5. Qd3 O-O 6. O-O-O b6 7. g3 Nc6 8. Ne5
Nb4 9. Qe3 Ba6 10. Nc6 Nxc6 11. Rd2 Qd7 12. Bh3 Na5 13. Bxf6 Bxf6 14. f4 Nc4 15.
Qd3 Nxd2 16. Qxd2 c5 17. e3 Rab8 18. Bf1 b5 19. dxc5 b4 20. Nd1 Qc6 21. Bxa6
Qxa6 22. Kb1 Rfc8 23. c3 bxc3 24. Nxc3 Rxc5 25. Rc1 Rc4 26. Rc2 d4 27. exd4 Rxd4
28. Qf2 Qb6 29. b3 a5 30. Kc1 Qa6 31. Qe2 Qd6 0-1

[Event "AUTO-INT-1922"]
[Site "http://www.queenalice.com/game.php?id=885216"]
[Date "2011.1.12"]
[Round "1"]
[White "hgvergueiro"]
[Black "Joyce05"]
[Result "0-1"]
[WhiteElo "1543"]
[BlackElo "1620"]

1. g3 e5 2. Nc3 Nf6 3. e4 Nc6 4. h3 Bc5 5. Rh2 O-O 6. Bc4 Qe7 7. d3 Na5 8. a3
Nxc4 9. dxc4 b6 10. Nb5 Ne8 11. Qd5 c6 12. Qd3 cxb5 13. cxb5 Qf6 14. Be3 d6 15.
Qd5 Rb8 16. O-O-O Bb7 17. Qc4 Bxe3+ 18. fxe3 Rc8 19. Qd3 Qe6 20. b3 Rd8 21. a4
d5 22. Ne2 Nf6 23. Rf1 Nxe4 24. g4 Rc8 25. Kb2 f5 26. gxf5 Rxf5 27. Rg1 g6 28.
h4 g5 29. c4 Rd8 30. Nd4 Qf6 31. Qe2 exd4 32. Qh5 Rf2+ 33. Ka3 Rxh2 34. Rxg5+
Kf8 35. Qg4 Nxg5 36. hxg5 Qe7+ 0-1

[Event "AUTO-INT-1922"]
[Site "http://www.queenalice.com/game.php?id=885217"]
[Date "2011.1.12"]
[Round "1"]
[White "Joyce05"]
[Black "hgvergueiro"]
[Result "0-1"]
[WhiteElo "1640"]
[BlackElo "1538"]

1. c4 c6 2. e4 e5 3. Nf3 f6 4. Nc3 Bd6 5. d4 exd4 6. Nxd4 g6 7. Bd3 Qb6 8. Nb3
Ne7 9. Be3 c5 10. Qf3 Ng8 11. O-O Bc7 12. Bxc5 Qe6 13. Nd5 Qc6 14. Rfe1 d6 15.
Nxf6+ Nxf6 16. Qxf6 Rf8 17. Qg7 dxc5 18. Qxh7 b6 19. Re3 Be5 20. Rb1 Qf6 21. f3
Rh8 22. Qxh8+ Qxh8 23. g3 g5 24. Nd2 g4 25. f4 Bd4 26. Nf1 a6 27. Kf2 Qh3 28. f5
Nd7 29. b4 Bb7 30. a3 O-O-O 31. b5 Ne5 32. Ke2 Bxe3 33. Nxe3 Rxd3 34. f6 Qxh2+
0-1

[Event "AUTO-INT-1922"]
[Site "http://www.queenalice.com/game.php?id=885231"]
[Date "2011.1.12"]
[Round "1"]
[White "titi93"]
[Black "Joyce05"]
[Result "0-1"]
[WhiteElo "1622"]
[BlackElo "1662"]

1. e4 Nc6 2. d3 d5 3. exd5 Qxd5 4. Nc3 Qd6 5. Nf3 Nf6 6. Be2 e5 7. Nb5 Qb4+ 8.
Nc3 Be6 9. a3 Qc5 10. Be3 Qd6 11. Ne4 Nxe4 12. dxe4 Qxd1+ 13. Rxd1 Bd6 14. b4 a6
15. Ng5 O-O-O 16. Nxe6 fxe6 17. Bg5 Ne7 18. Bc4 Kd7 19. O-O h6 20. Be3 Nc6 21.
Bc5 Rhe8 22. c3 Kc8 23. b5 axb5 24. Bxb5 Bxc5 25. h4 Bxa3 26. Ra1 Bb2 27. Ra8+
Kd7 28. Bxc6+ bxc6 29. Rd1+ Ke7 30. Rdxd8 Rxd8 31. Rxd8 Kxd8 32. c4 c5 33. g4 g6
34. Kg2 Ke7 35. Kg3 Bc1 36. f3 Bf4+ 37. Kf2 g5 38. h5 Kd6 39. Ke2 Kc6 40. Kd3
Kb6 41. Kc3 Ka5 42. Kb3 Bd2 43. Ka3 Bb4+ 44. Kb3 c6 0-1

[Event "AUTO-INT-1922"]
[Site "http://www.queenalice.com/game.php?id=885232"]
[Date "2011.1.12"]
[Round "1"]
[White "Joyce05"]
[Black "spin"]
[Result "0-1"]
[WhiteElo "1676"]
[BlackElo "1671"]

1. e4 e5 2. Nf3 Qf6 3. Nc3 c6 4. d3 b5 5. d4 exd4 6. Nxd4 Bc5 7. Nf3 a5 8. Bg5
Qe6 9. Qe2 Ba6 10. Be3 b4 11. Qd2 Bxe3 12. Qxe3 bxc3 13. bxc3 Qf6 14. Bxa6 Nxa6
15. e5 Qf5 16. Rc1 f6 17. exf6+ Kf7 18. Rd1 Nxf6 19. Ne5+ Kf8 20. Nxd7+ Nxd7 21.
Qd2 Nac5 22. O-O Kf7 23. Qe2 Rae8 24. Qc4+ Re6 25. Rd2 Ne5 26. Qxc5 Nf3+ 27. Kh1
Qxc5 28. Rd7+ Ke8 29. Rd3 Qc4 30. Rdd1 Nd2 31. Rfe1 Ne4 32. Kg1 Rf6 33. f3 Rhf8
34. Rxe4+ Qxe4 35. fxe4 Rf4 36. e5 Ra4 37. Ra1 Ra3 38. c4 Rc3 39. Rc1 Rxc4 40.
c3 Ke7 0-1

[Event "AUTO-INT-1922"]
[Site "http://www.queenalice.com/game.php?id=885233"]
[Date "2011.1.12"]
[Round "1"]
[White "spin"]
[Black "Joyce05"]
[Result "1-0"]
[WhiteElo "1569"]
[BlackElo "1660"]

1. e3 e5 2. Qh5 Qe7 3. Nf3 e4 4. Nd4 Nc6 5. Nxc6 bxc6 6. d3 Nf6 7. Qh4 d5 8.
dxe4 dxe4 9. Bd2 Nd5 10. Qg3 Nb4 11. Na3 Nd5 12. O-O-O Qc5 13. Bc4 Bd6 14. Qxg7
Rf8 15. Qxh7 Rb8 16. Qxe4+ Be6 17. Bxd5 cxd5 18. Qd3 Qb6 19. Qb3 Rg8 20. Kb1
Rxg2 21. Ba5 Qxb3 22. axb3 Rxf2 23. h4 Be5 24. h5 Rf3 25. h6 Ke7 26. h7 Rxe3 27.
Bxc7 Rh8 28. Bxe5 Rxe5 29. Nb5 a5 30. Nc7 Kd7 31. Nxe6 Kxe6 32. Rdg1 d4 33. Rg8
Rxh7 34. Rxh7 Re1+ 35. Ka2 Rf1 36. Rg5 f5 37. Rh6+ Ke5 38. Rg2 Rf3 39. Ra6 Ke4
40. Rxa5 f4 41. Ra4 1-0

[Event "AUTO-INT-2749"]
[Site "http://www.queenalice.com/game.php?id=1228154"]
[Date "2013.10.29"]
[Round "1"]
[White "AndreChess"]
[Black "Joyce05"]
[Result "1-0"]
[WhiteElo "1642"]
[BlackElo "1660"]

1. e4 Nc6 2. d4 e5 3. d5 Nb8 4. Nc3 Bc5 5. Qf3 Nf6 6. Bg5 Be7 7. O-O-O c6 8. d6
Bf8 9. Nge2 h6 10. Bxf6 gxf6 11. Ng3 Bg7 12. Nf5 Rg8 13. Qg4 Kf8 14. Na4 Na6 15.
Bxa6 bxa6 16. Nc5 Qa5 17. Ne7 Qxa2 18. Nxg8 Qa1+ 19. Kd2 Qa5+ 20. Ke2 Qb5+ 21.
Nd3 Kxg8 22. Rhe1 Qc4 23. Rd2 Qd4 24. f4 Qxd6 25. Nxe5 Qe7 26. Nxd7 Bxd7 27.
Rxd7 Qxe4+ 28. Kd1 Qg6 29. Qxg6 fxg6 30. Re6 h5 31. Rxc6 a5 32. Ra6 Rb8 33. b3
Rb4 34. Rxa5 Rxf4 35. Raxa7 Rf1+ 36. Ke2 Rc1 37. Rxg7+ Kh8 38. Rgc7 1-0

[Event "AUTO-INT-2749"]
[Site "http://www.queenalice.com/game.php?id=1228155"]
[Date "2013.10.29"]
[Round "1"]
[White "Joyce05"]
[Black "AndreChess"]
[Result "0-1"]
[WhiteElo "1643"]
[BlackElo "1650"]

1. e4 e5 2. Nf3 d6 3. d4 exd4 4. Qxd4 c5 5. Qc4 Be6 6. Qe2 Nc6 7. Nc3 h6 8. h3
Nb4 9. b3 g5 10. Qb5+ Bd7 11. Qe2 Bc6 12. g4 Bg7 13. Bb2 a6 14. Bg2 Qe7 15. O-O
Bb5 16. Qd2 Bxf1 17. Kxf1 O-O-O 18. a3 Nc6 19. Re1 Ne5 20. Nd5 Qe6 21. Nb6+ Kc7
22. Nd5+ Kb8 23. Rd1 Ne7 24. Qa5 Nxd5 25. exd5 Qd7 26. Rb1 f5 27. gxf5 Qxf5 28.
Ne1 Bf6 29. Qd2 c4 30. b4 b5 31. Rd1 g4 32. Qe3 gxh3 33. Bxh3 Qg5 34. Qb6+ Ka8
35. Qxa6+ Kb8 36. Qb6+ Ka8 37. Bd4 Rh7 38. Qa6+ Kb8 39. Qxb5+ Rb7 40. Qa5 Qh4
41. Kg2 Rg8+ 0-1

[Event "AUTO-INT-2749"]
[Site "http://www.queenalice.com/game.php?id=1228167"]
[Date "2013.10.29"]
[Round "1"]
[White "Joyce05"]
[Black "ksal"]
[Result "1-0"]
[WhiteElo "1661"]
[BlackElo "1630"]

1. c4 e5 2. Nc3 Bc5 3. Ne4 d6 4. Nxc5 dxc5 5. e4 Nf6 6. Qe2 Bg4 7. Nf3 O-O 8. b3
Bxf3 9. Qxf3 Nc6 10. Bb2 Nb4 11. Kd1 1-0

[Event "AUTO-INT-2749"]
[Site "http://www.queenalice.com/game.php?id=1228172"]
[Date "2013.10.29"]
[Round "1"]
[White "ismaelpereira"]
[Black "Joyce05"]
[Result "1-0"]
[WhiteElo "1650"]
[BlackElo "1619"]

1. e4 e5 2. Nf3 d5 3. Nxe5 dxe4 4. Qe2 Nf6 5. d4 Qe7 6. Bg5 Nc6 7. Bxf6 Qxf6 8.
Qxe4 Nxe5 9. dxe5 Qb6 10. Bc4 Be6 11. Bxe6 fxe6 12. O-O Qxb2 13. Nd2 Qb6 14. Nc4
Qb5 15. Rab1 Qc6 16. Qxc6+ bxc6 17. Na5 c5 18. Rb7 g5 19. Rxc7 h5 20. Nc6 c4 21.
Nxa7 Rd8 22. Rxc4 Bg7 23. Rc5 Ke7 24. Nc6+ Kd7 25. Nxd8 Rxd8 26. Rd1+ Ke8 27.
Rxd8+ Kxd8 28. c4 Bf8 29. Ra5 Bb4 30. Ra8+ Kd7 31. a3 Bc3 32. Rh8 Bxe5 33. Rxh5
Bf6 34. Rh6 Ke7 35. c5 1-0

[Event "AUTO-INT-2749"]
[Site "http://www.queenalice.com/game.php?id=1228173"]
[Date "2013.10.29"]
[Round "1"]
[White "Joyce05"]
[Black "ismaelpereira"]
[Result "0-1"]
[WhiteElo "1678"]
[BlackElo "1638"]

1. d4 d5 2. Nf3 Bf5 3. Nc3 Nc6 4. Ne5 Nb4 5. e3 Nxc2+ 6. Kd2 Nxa1 7. Qa4+ c6 8.
Qd1 f6 9. Nf3 Nh6 10. Bd3 Bxd3 11. Kxd3 e5 12. dxe5 fxe5 13. Nxe5 Bb4 14. Qh5+
g6 15. Qxh6 Bxc3 16. bxc3 Qf6 17. Nf3 Qf5+ 18. Ke2 Qc2+ 19. Bd2 Qxa2 20. Qg7
Qc4+ 21. Kd1 Qb3+ 22. Ke2 Qc4+ 23. Kd1 Rf8 24. Qxh7 Qd3 25. Qxb7 Qc2+ 26. Ke2
Qa4 27. Qxa8+ Kf7 28. Qb7+ Kg8 29. Ne5 Nc2 30. Nxc6 Qc4+ 31. Kd1 Qd3 32. Ne7+
Kh8 33. f4 Nxe3+ 0-1

[Event "Challenge"]
[Site "http://www.queenalice.com/game.php?id=1228179"]
[Date "2013.10.29"]
[Round "-"]
[White "Joyce05"]
[Black "renet54"]
[Result "1-0"]
[WhiteElo "1633"]
[BlackElo "1534"]

1. e4 e5 2. Nf3 Nc6 3. d4 d6 4. Bb5 Bd7 5. O-O Nge7 6. d5 g6 7. dxc6 bxc6 8. Bc4
Bg7 9. Nc3 O-O 10. Re1 d5 11. exd5 cxd5 12. Nxd5 Nxd5 13. Bxd5 Kh8 14. Bxa8 e4
15. Bxe4 f5 16. Bd3 c5 17. Bg5 Qb6 18. Re7 Bxb2 19. Rb1 Qc6 20. Rxb2 Qd6 21. Qe1
Bc6 22. Rxa7 Qd5 23. Qc3+ 1-0

[Event "Rossinante"]
[Site "http://www.queenalice.com/game.php?id=1236641"]
[Date "2013.11.30"]
[Round "1"]
[White "Joyce05"]
[Black "Equiferus"]
[Result "0-1"]
[WhiteElo "1627"]
[BlackElo "1820"]

1. e4 Nf6 2. Nc3 d6 3. d4 Bg4 4. Nf3 Nbd7 5. Be2 e5 6. h3 Bh5 7. O-O Be7 8. Bd3
O-O 9. Nd5 Nxd5 10. exd5 Bf6 11. Qe1 Bxf3 12. gxf3 Bg5 13. Be3 Qf6 14. Be4 Bf4
15. Qe2 Qh4 16. Bxf4 exf4 17. Kh2 Nf6 18. Rg1 Rae8 19. Qf1 Nxe4 20. Qg2 Qxf2 21.
c4 Qg3+ 22. Qxg3 Nxg3 23. Rxg3 fxg3+ 24. Kxg3 Re2 25. b4 Rfe8 26. a4 Re1 27. Ra2
R8e2 28. Ra3 Re3 29. Ra2 Rd3 30. Kf2 Red1 31. h4 Rxd4 32. Re2 R1d2 0-1